|
|
|
|
| LEADER |
00000cam a22000004a 4500 |
| 001 |
musev2_4317 |
| 003 |
MdBmJHUP |
| 005 |
20230905040529.0 |
| 006 |
m o d |
| 007 |
cr||||||||nn|n |
| 008 |
021217s2003 mau o 00 0 eng d |
| 010 |
|
|
|z 2002155563
|
| 020 |
|
|
|a 9781613760864
|
| 020 |
|
|
|z 1613760868
|
| 020 |
|
|
|z 9781558494022
|
| 020 |
|
|
|z 1558494022
|
| 035 |
|
|
|a (OCoLC)606975312
|
| 040 |
|
|
|a MdBmJHUP
|c MdBmJHUP
|
| 043 |
|
|
|a n-us-ny
|
| 050 |
0 |
4 |
|a PS3605.N45
|b L37 2003
|
| 082 |
0 |
|
|a 813/.6
|2 21
|
| 100 |
1 |
|
|a Engelhardt, Tom,
|d 1944-
|
| 245 |
1 |
4 |
|a The Last Days of Publishing :
|b A Novel /
|c Tom Engelhardt.
|
| 264 |
|
1 |
|a Amherst :
|b University of Massachusetts Press,
|c 2003.
|
| 264 |
|
3 |
|a Baltimore, Md. :
|b Project MUSE,
|c 2012
|
| 264 |
|
4 |
|c ©2003.
|
| 300 |
|
|
|a 1 online resource (224 pages).
|
| 336 |
|
|
|a text
|b txt
|2 rdacontent
|
| 337 |
|
|
|a computer
|b c
|2 rdamedia
|
| 338 |
|
|
|a online resource
|b cr
|2 rdacarrier
|
| 505 |
0 |
|
|a The last days of publishing -- History -- Two editors eating lunch -- Underground -- The paleontological is political -- Submission -- Earthshine.
|
| 588 |
|
|
|a Description based on print version record.
|
| 650 |
|
0 |
|a Publishers and publishing
|v Fiction.
|
| 651 |
|
0 |
|a New York (N.Y.)
|v Fiction.
|
| 655 |
|
7 |
|a Electronic books.
|2 local
|
| 710 |
2 |
|
|a Project Muse.
|e distributor
|
| 830 |
|
0 |
|a Book collections on Project MUSE.
|
| 856 |
4 |
0 |
|z Texto completo
|u https://projectmuse.uam.elogim.com/book/4317/
|
| 945 |
|
|
|a Project MUSE - Custom Collection
|
| 945 |
|
|
|a Project MUSE - Archive Complete Foundation
|
| 945 |
|
|
|a Project MUSE - Archive Poetry, Fiction and Creative Non-Fiction Foundation
|